| 000 -LEADER |
| fixed length control field |
00493cam a22001457a 4500 |
| 008 - FIXED-LENGTH DATA ELEMENTS--GENERAL INFORMATION |
| fixed length control field |
180718b1983 xxu||||| |||| 00| 0 eng d |
| 082 ## - DEWEY DECIMAL CLASSIFICATION NUMBER |
| Classification number |
I51x54 J254 83 |
| 100 ## - MAIN ENTRY--PERSONAL NAME |
| Personal name |
Jangam, R.T. |
| 245 ## - TITLE STATEMENT |
| Title |
Leadership in urban government |
| Statement of responsibility, etc. |
by R.T. Jangam and B.A.V. Sharma |
| 250 ## - EDITION STATEMENT |
| Edition statement |
2nd edn. |
| 260 ## - PUBLICATION, DISTRIBUTION, ETC. |
| Place of publication, distribution, etc. |
New Delhi |
| Name of publisher, distributor, etc. |
Oxford & IBH Publishers |
| Date of publication, distribution, etc. |
1983 |
| 650 ## - SUBJECT ADDED ENTRY--TOPICAL TERM |
| Topical term or geographic name entry element |
Municipal government -India -Case studies. |
| 650 ## - SUBJECT ADDED ENTRY--TOPICAL TERM |
| Topical term or geographic name entry element |
Municipal officials and employees -India -Case studies |
| 700 ## - ADDED ENTRY--PERSONAL NAME |
| Personal name |
Sharma, B.A.V. |